<?xml version="1.0" encoding="UTF-8"?>
<collection xmlns="http://www.loc.gov/MARC21/slim">
 <record>
  <leader>00466pamaa2200157   4500</leader>
  <controlfield tag="001">0000012722</controlfield>
  <controlfield tag="005">20060623090000.0</controlfield>
  <datafield tag="020" ind1="0" ind2="0">
   <subfield code="a">0155031155 </subfield>
  </datafield>
  <datafield tag="082" ind1=" " ind2=" ">
   <subfield code="a">657.48 POR</subfield>
  </datafield>
  <datafield tag="090" ind1="0" ind2="0">
   <subfield code="a">HF5635 </subfield>
   <subfield code="b">POR 1995</subfield>
  </datafield>
  <datafield tag="100" ind1="1" ind2="0">
   <subfield code="a">PORTER </subfield>
  </datafield>
  <datafield tag="245" ind1="1" ind2="0">
   <subfield code="a">Financial accounting : </subfield>
   <subfield code="b">the impact on decision makers  </subfield>
   <subfield code="c">Gary A. Porter and Curtis L. Norton.</subfield>
  </datafield>
  <datafield tag="260" ind1="0" ind2="0">
   <subfield code="a">Fort Worth: </subfield>
   <subfield code="b">Dryden Press, </subfield>
   <subfield code="c">1995.</subfield>
  </datafield>
  <datafield tag="300" ind1=" " ind2=" ">
   <subfield code="a">xxx, 984p.: </subfield>
   <subfield code="b">col.ill.; </subfield>
   <subfield code="c">26cm.</subfield>
  </datafield>
  <datafield tag="650" ind1="0" ind2="0">
   <subfield code="a">Accounting </subfield>
  </datafield>
  <datafield tag="700" ind1="1" ind2="1">
   <subfield code="a">Norton, </subfield>
   <subfield code="h">Curtis L </subfield>
  </datafield>
 </record>
</collection>
